[Event "Ruhrgebiet Verbandsbezirksliga Gr 1"]
[Site "Ruhrgebiet"]
[Date "2019.02.10"]
[Round "6.8"]
[White "Hoffmann, Manfred"]
[Black "Lang, Nico"]
[Result "1/2-1/2"]
[WhiteElo "1474"]
[BlackElo "1276"]
[PlyCount "38"]
[EventDate "2018.09.30"]
[EventType "team-tourn"]
[EventRounds "9"]
[EventCountry "GER"]
[SourceTitle "EXT 2022"]
[Source "ChessBase"]
[SourceDate "2021.10.06"]
[SourceVersion "1"]
[SourceVersionDate "2021.10.06"]
[SourceQuality "1"]
[WhiteTeam "Werl SC 1981 II"]
[BlackTeam "Ahlen SV II"]
[WhiteTeamCountry "GER"]
[BlackTeamCountry "GER"]

1. Nf3 c5 2. d3 e6 3. g3 d5 4. Nbd2 Nc6 5. Bg2 g6 6. 0-0 Bg7 7. e4 d4 8. Nc4 e5 9. Bg5 f6 10. Bc1 Be6 11. Nfd2 h5 12. h4 g5 13. Nf3 gxh4 14. Nxh4 Bh6 15. Qxh5+ Bf7 16. Qf5 Nce7 17. Qg4 Bxc1 18. Raxc1 b5 19. Nd2 Rh6 1/2-1/2

[Event "Schleswig-Holstein-ch Seniors-B"]
[Site "Bad Segeberg"]
[Date "2018.03.26"]
[Round "4"]
[White "Hoffmann, Manfred"]
[Black "Marcic, Marinko"]
[Result "1/2-1/2"]
[WhiteElo "1661"]
[BlackElo "1723"]
[PlyCount "80"]
[EventDate "2018.03.24"]
[EventType "swiss"]
[EventRounds "9"]
[EventCountry "GER"]
[SourceTitle "EXT 2023"]
[Source "ChessBase"]
[SourceDate "2022.10.05"]
[SourceVersion "1"]
[SourceVersionDate "2022.10.05"]
[SourceQuality "1"]

1. Nf3 d5 2. d4 c6 3. Bf4 Qb6 4. b3 Nd7 5. e3 Ngf6 6. c4 Qb4+ 7. Nbd2 e6 8. a3 Qa5 9. b4 Qd8 10. c5 Be7 11. Bd3 0-0 12. 0-0 Nh5 13. Qc2 f5 14. Be5 Nhf6 15. h3 Ne4 16. Nb3 Bf6 17. Qb2 Ng5 18. Nxg5 Nxe5 19. dxe5 Bxg5 20. f4 Be7 21. Nd4 Bd7 22. Rac1 a6 23. a4 b5 24. a5 Qe8 25. Be2 Rc8 26. Bf3 Qg6 27. Qe2 Qg3 28. Qd2 Bh4 29. Ne2 Qg6 30. Kh2 h5 31. g3 Be7 32. Rg1 Qf7 33. Nd4 g6 34. Qe2 Qh7 35. Kg2 Kf7 36. Kf1 Rh8 37. Rh1 Qg7 38. Ke1 Rh7 39. Kd2 Rch8 40. Rcg1 Ke8 1/2-1/2

[Event "Schleswig Holstein-ch Veterans 60th"]
[Site "Germany"]
[Date "2005.10.10"]
[Round "1"]
[White "Hermann, Armin"]
[Black "Hoffmann, Manfred"]
[Result "1-0"]
[WhiteElo "1535"]
[BlackElo "1656"]
[PlyCount "74"]
[EventDate "2005.10.10"]
[EventType "swiss"]
[EventRounds "9"]
[EventCountry "GER"]
[SourceTitle "EXT 2010"]
[Source "ChessBase"]
[SourceDate "2010.11.25"]
[SourceVersion "1"]
[SourceVersionDate "2010.11.25"]
[SourceQuality "1"]

1. Nf3 Nf6 2. d4 d5 3. e3 e6 4. Bd3 g6 5. c4 c5 6. 0-0 Nbd7 7. cxd5 Nxd5 8. Nc3 N5b6 9. dxc5 Nxc5 10. Bb5+ Bd7 11. Qd4 Rg8 12. Rd1 a6 13. Bxd7+ Ncxd7 14. Ne4 Qc7 15. Bd2 Rd8 16. Rac1 Qb8 17. Ba5 e5 18. Qd3 f5 19. Nd6+ Bxd6 20. Qxd6 Qxd6 21. Rxd6 Nc8 22. Re6+ Kf7 23. Ng5+ Kg7 24. Bxd8 Rxd8 25. Rc7 h6 26. Nf3 Kf7 27. Rxe5 Kf6 28. Rd5 Ke6 29. Rd1 Nd6 30. Rc2 Nf6 31. Rcd2 Nfe4 32. Rd4 Rc8 33. R4d3 Ke7 34. Nd2 Nc5 35. Rd4 Ne6 36. Rd3 Nc4 37. Rc3 b5 1-0

[Event "Mecklenburg VP-ch Seniors 01st"]
[Site "Plau am See"]
[Date "2001.10.05"]
[Round "1"]
[White "Rudnick, Werner"]
[Black "Hoffmann, Manfred"]
[Result "1-0"]
[WhiteElo "2110"]
[BlackElo "1684"]
[PlyCount "103"]
[EventDate "2001.10.??"]
[EventType "swiss"]
[EventRounds "9"]
[EventCountry "GER"]
[SourceTitle "EXT 2006"]
[Source "ChessBase"]
[SourceDate "2005.11.24"]
[SourceVersion "1"]
[SourceVersionDate "2005.11.24"]
[SourceQuality "1"]

1. e4 c5 2. Nf3 Nc6 3. Nc3 d6 4. Bb5 Bd7 5. 0-0 g6 6. d4 cxd4 7. Nxd4 Bg7 8. Be3 a6 9. Bxc6 Bxc6 10. Qd2 Nf6 11. f3 0-0 12. Rfd1 Qc7 13. Rac1 Rac8 14. Kh1 Nd7 15. b3 Qa5 16. Nd5 Qd8 17. c4 Bxd5 18. cxd5 Rxc1 19. Rxc1 Qb8 20. Qc2 Re8 21. h3 Ne5 22. Qc7 Qa8 23. Rc3 f6 24. f4 Nf7 25. Ne6 Bf8 26. Qd7 Qb8 27. Ba7 Qa8 28. Bb6 Qb8 29. Rc7 h5 30. Rxb7 Qc8 31. Qxc8 Rxc8 32. Ra7 g5 33. Rxa6 gxf4 34. Bd4 Ng5 35. Nxg5 fxg5 36. Rc6 Rb8 37. Bb6 Bg7 38. a4 g4 39. hxg4 hxg4 40. a5 Ra8 41. Kg1 Kf7 42. Kf1 g3 43. Ke2 Bb2 44. Kf3 Be5 45. b4 Kf6 46. b5 Kg5 47. a6 Bb2 48. Rc2 Be5 49. a7 Kf6 50. Bg1 e6 51. b6 exd5 52. exd5 1-0